[Event "Xtracon Chess Open 2017"]
[Site "Helsingor DEN"]
[Date "2017.07.27"]
[Round "7.42"]
[White "Pantzar, Milton"]
[Black "Ivarsson, Torbjorn"]
[Result "0-1"]
[WhiteTitle "FM"]
[WhiteElo "2313"]
[BlackElo "2145"]
[WhiteFideId "1721003"]
[BlackFideId "1705865"]
[EventDate "2017.07.22"]

1. d4 e6 2. c4 f5 3. Nf3 Nf6 4. g3 Be7 5. Bg2 d6 6. O-O O-O 7. b3 Ne4 8. Bb2 Bf6
9. Nbd2 Nc6 10. Nxe4 fxe4 11. Ne1 d5 12. e3 Bd7 13. f3 exf3 14. Bxf3 dxc4 15.
bxc4 e5 16. d5 Nb4 17. e4 Qe7 18. a3 Na6 19. Nd3 Nc5 20. a4 Nxd3 21. Qxd3 Rf7
22. Bg2 a5 23. Ba3 Qe8 24. c5 Bxa4 25. Rab1 c6 26. Bh3 cxd5 27. exd5 e4 28. Qc4
Bd7 29. Bxd7 Qxd7 30. Rbe1 Re8 31. Rxe4 Rxe4 32. Qxe4 Qh3 33. Rf4 g5 34. Rf2 Re7
35. Qb1 Bd4 36. Qf1 Qxf1+ 37. Kxf1 Bxf2 38. Kxf2 Re5 39. d6 g4 0-1

[Event "Xtracon Chess Open 2017"]
[Site "Helsingor DEN"]
[Date "2017.07.27"]
[Round "7.43"]
[White "Rewitz, Poul"]
[Black "Laverton, Christian"]
[Result "1-0"]
[WhiteTitle "FM"]
[WhiteElo "2310"]
[BlackElo "2133"]
[WhiteFideId "1401033"]
[BlackFideId "1506846"]
[EventDate "2017.07.22"]

1. d4 d5 2. Bg5 h6 3. Bh4 c5 4. dxc5 Qa5+ 5. Nc3 Nc6 6. Nf3 e6 7. a3 Qxc5 8. e4
Bd6 9. exd5 exd5 10. Qxd5 Be6 11. Qxc5 Bxc5 12. Ne4 Be7 13. Bxe7 Kxe7 14. Bd3
Rd8 15. O-O b6 16. Rfe1 f5 17. Ng3 Kf6 18. Nh5+ 1-0

[Event "Xtracon Chess Open 2017"]
[Site "Helsingor DEN"]
[Date "2017.07.27"]
[Round "7.44"]
[White "Fossan, Petter"]
[Black "Celander, Jesper"]
[Result "1-0"]
[WhiteTitle "FM"]
[WhiteElo "2301"]
[BlackElo "2127"]
[WhiteFideId "1500260"]
[BlackFideId "1705342"]
[EventDate "2017.07.22"]

1. e4 c6 2. d4 d5 3. Nc3 dxe4 4. Nxe4 Nf6 5. Nxf6+ gxf6 6. Nf3 Na6 7. Bf4 Bg4 8.
c3 Nc7 9. h3 Bxf3 10. Qxf3 Qd7 11. Bc4 Nd5 12. Bd2 Qe6+ 13. Be2 f5 14. g4 fxg4
15. hxg4 Nb6 16. Qe3 Qd5 17. Rh5 Qd7 18. O-O-O O-O-O 19. Qe5 f6 20. Qe4 Nd5 21.
Bc4 Nc7 22. Rdh1 h6 23. f3 a6 24. Bf4 b5 25. Bb3 a5 26. a4 e5 27. dxe5 fxe5 28.
Rd1 Nd5 29. Qxe5 Bd6 30. Qxd6 Qxd6 31. Bxd6 Rxd6 32. Bxd5 cxd5 33. Rdxd5 Rxd5
34. Rxd5 bxa4 35. Rxa5 a3 36. Rxa3 Kb7 37. Ra5 Kc6 38. Rh5 1-0

[Event "Xtracon Chess Open 2017"]
[Site "Helsingor DEN"]
[Date "2017.07.27"]
[Round "7.45"]
[White "Gajic, Mladen"]
[Black "Wecker, Martin"]
[Result "1/2-1/2"]
[WhiteTitle "FM"]
[WhiteElo "2300"]
[BlackElo "2095"]
[WhiteFideId "1709178"]
[BlackFideId "12931462"]
[EventDate "2017.07.22"]

1. d4 Nf6 2. Bg5 d5 3. Bxf6 gxf6 4. c4 dxc4 5. e3 c5 6. Bxc4 cxd4 7. Nc3 Nc6 8.
Qh5 Ne5 9. Bb5+ Bd7 10. exd4 Ng6 11. Bc4 Bg7 12. Nge2 O-O 13. O-O f5 14. Rad1
Qc7 15. Bb3 Nf4 16. Nxf4 Qxf4 17. Nd5 Qd6 18. Qg5 Rae8 19. Rfe1 Be6 20. Nf4 Bxb3
21. axb3 Qf6 22. Qxf6 Bxf6 23. Nd5 Bh4 24. g3 e6 25. Nc7 Rc8 26. Nxe6 fxe6 27.
gxh4 Rfe8 28. Re5 Rcd8 29. f3 Rd5 30. Kf2 Rxe5 31. dxe5 Re7 32. h5 Kg7 33. Kg3
Rc7 34. Rd2 a6 35. Rd6 Re7 36. Kh4 Kh6 37. Rd8 Kg7 38. Kg5 h6+ 39. Kf4 Rc7 40.
Rd2 Kg8 41. Rg2+ Rg7 42. Rd2 Rc7 43. Rd6 Kf7 44. Ke3 Ke7 45. Rb6 Rd7 46. b4 Kf7
47. b5 a5 48. b3 Ke7 49. f4 Kf7 50. Rd6 Ke7 51. Rd4 Rxd4 52. Kxd4 b6 1/2-1/2

[Event "Xtracon Chess Open 2017"]
[Site "Helsingor DEN"]
[Date "2017.07.27"]
[Round "7.46"]
[White "Dahl, Trygve"]
[Black "Lien, Kjell Hakon"]
[Result "1-0"]
[WhiteElo "2292"]
[BlackElo "2120"]
[WhiteFideId "1513427"]
[BlackFideId "1510444"]
[EventDate "2017.07.22"]

1. e4 c6 2. d4 d5 3. exd5 cxd5 4. Bd3 Nc6 5. c3 Qc7 6. Nf3 Bg4 7. Nbd2 e6 8. Nf1
Bd6 9. Ng3 Nf6 10. h3 Bxg3 11. hxg4 Nxg4 12. fxg3 Qxg3+ 13. Kd2 Qxg2+ 14. Be2
Nf2 15. Qf1 Qxh1 16. Qxf2 Qh6+ 17. Kc2 Qg6+ 18. Bd3 f5 19. Bf4 O-O-O 20. Rg1 Qf7
21. Bb5 g6 22. Qe2 Rdg8 23. Ne5 Qc7 24. Bxc6 bxc6 25. Nd3 Qe7 26. Nc5 g5 27.
Qa6+ Kd8 28. Bd6 1-0

[Event "Xtracon Chess Open 2017"]
[Site "Helsingor DEN"]
[Date "2017.07.27"]
[Round "7.47"]
[White "Veng, Johnni"]
[Black "Nielsen, Andre"]
[Result "1/2-1/2"]
[WhiteTitle "FM"]
[WhiteElo "2279"]
[BlackElo "2094"]
[WhiteFideId "1408623"]
[BlackFideId "1518240"]
[EventDate "2017.07.22"]

1. d4 Nf6 2. Bf4 e6 3. e3 b6 4. Nf3 Bb7 5. h3 d5 6. Nbd2 Bd6 7. Bd3 Bxf4 8. exf4
c5 9. c3 Nc6 10. Ne5 O-O 11. Nxc6 Bxc6 12. Qf3 Qd6 13. a3 a6 14. O-O 1/2-1/2

[Event "Xtracon Chess Open 2017"]
[Site "Helsingor DEN"]
[Date "2017.07.27"]
[Round "7.48"]
[White "Rosenkilde, Alexander"]
[Black "Molvig, Henrik"]
[Result "1/2-1/2"]
[BlackTitle "CM"]
[WhiteElo "2274"]
[BlackElo "2090"]
[WhiteFideId "1408488"]
[BlackFideId "1402625"]
[EventDate "2017.07.22"]

1. d4 Nf6 2. c4 g6 3. Nc3 Bg7 4. Nf3 O-O 5. Bg5 c6 6. e3 d5 7. Qb3 dxc4 8. Bxc4
b5 9. Be2 Be6 10. Qc2 Nbd7 11. O-O a6 12. Rfd1 Nd5 13. e4 Nxc3 14. Qxc3 c5 15.
Qa3 cxd4 16. Bxe7 Qb6 17. Bxf8 Rxf8 18. Qb4 Nc5 19. e5 Na4 20. Rxd4 Rc8 21. Bd1
Bf8 22. Qd2 Bc5 23. Rc1 Bxd4 24. Rxc8+ Bxc8 25. Nxd4 Nc5 26. Bf3 Qd8 27. Qe3 Be6
28. b4 Na4 29. Nxe6 fxe6 30. Qa7 Qd2 31. g3 Qxb4 32. Kg2 Nc5 33. Qb8+ Kg7 34.
Qc7+ Kg8 35. Qd8+ Kg7 36. Qe7+ Kg8 37. h4 h5 38. Qd8+ Kh7 39. Qf8 Qd4 40. Qf7+
Kh6 41. Qf6 Kh7 42. Qe7+ Kg8 43. Qg5 Kh7 44. Bc6 Nd3 45. Qe7+ Kh6 46. Qf8+ Kh7
47. Qf7+ 1/2-1/2

[Event "Xtracon Chess Open 2017"]
[Site "Helsingor DEN"]
[Date "2017.07.27"]
[Round "7.49"]
[White "Jacobsen, Mikkel Manosri"]
[Black "Verhasselt, Karsten"]
[Result "0-1"]
[WhiteTitle "FM"]
[WhiteElo "2247"]
[BlackElo "2079"]
[WhiteFideId "1444514"]
[BlackFideId "228893"]
[EventDate "2017.07.22"]

1. d4 Nf6 2. Nf3 g6 3. c4 Bg7 4. Nc3 d5 5. Qb3 dxc4 6. Qxc4 O-O 7. Bf4 c6 8. g3
Nfd7 9. Bg2 Nb6 10. Qd3 Bg4 11. Rd1 Na6 12. a3 Qc8 13. Ne5 Bh3 14. O-O Bxg2 15.
Kxg2 Rd8 16. h4 Nc7 17. Qf3 Ncd5 18. Ne4 Nxf4+ 19. Qxf4 f5 20. Ng5 Nd5 21. Qc1
Rf8 22. e3 Bxe5 23. dxe5 h6 24. e4 fxe4 25. Nxe4 Qf5 26. Rde1 Qf3+ 27. Kg1 Kg7
28. Qd1 b6 29. Qxf3 Rxf3 30. Kg2 Raf8 31. Rc1 Rb3 32. Rxc6 Rxb2 33. Kh3 Re2 34.
Rd1 Rxe4 35. Rxd5 Rxf2 36. h5 g5 37. Rg6+ Kh7 38. Rd8 g4+ 39. Rxg4 Rxe5 40. Rgg8
Rxh5+ 41. Kg4 Rg5+ 42. Rxg5 hxg5 43. Rd7 Re2 44. Kxg5 a6 45. Rb7 Re3 46. g4 Kg7
47. Rxb6 Rxa3 48. Rg6+ Kf7 49. Rb6 a5 50. Rh6 Kg7 51. Rg6+ Kf7 52. Rh6 a4 53.
Rh7+ Ke6 54. Rh6+ Kd7 55. Ra6 Ra1 56. Ra7+ Ke6 57. Kg6 a3 58. Ra6+ Kd5 59. Ra5+
Kd4 60. g5 e5 61. Kf5 e4 0-1

[Event "Xtracon Chess Open 2017"]
[Site "Helsingor DEN"]
[Date "2017.07.27"]
[Round "7.50"]
[White "Holinka, Henning"]
[Black "Solberg, Joachim"]
[Result "0-1"]
[BlackTitle "CM"]
[WhiteElo "2087"]
[BlackElo "2237"]
[WhiteFideId "12967084"]
[BlackFideId "1502930"]
[EventDate "2017.07.22"]

1. e4 c5 2. Nf3 Nc6 3. d4 cxd4 4. Nxd4 Nf6 5. Nc3 e6 6. Ndb5 Bb4 7. a3 Bxc3+ 8.
Nxc3 d5 9. exd5 exd5 10. Bd3 O-O 11. O-O d4 12. Ne2 Bg4 13. Qd2 Re8 14. Ng3 Qd6
15. Qg5 Qd5 16. h3 Bd7 17. Qxd5 Nxd5 18. Nf5 Be6 19. Bd2 g6 20. Nd6 Re7 21. Nc4
f6 22. f4 Rd8 23. Rae1 Bf7 24. Rxe7 Ndxe7 25. Re1 Nf5 26. g4 Nd6 27. Nxd6 Rxd6
28. Kf2 Rd7 29. g5 f5 30. h4 Bd5 31. h5 Kf7 32. h6 Re7 33. Rxe7+ Kxe7 34. b3 Kd6
35. Bc1 Nd8 36. Ke2 Be4 37. Bd2 Bxd3+ 38. Kxd3 Kd5 39. c4+ dxc3 40. Bxc3 Ne6 41.
Be5 Nc5+ 42. Kc3 Ke4 43. Bd4 b6 44. b4 Ne6 45. Bf6 b5 46. a4 a6 47. axb5 axb5
48. Be5 Nxg5 49. fxg5 Kxe5 50. Kd3 f4 0-1

[Event "Xtracon Chess Open 2017"]
[Site "Helsingor DEN"]
[Date "2017.07.27"]
[Round "7.51"]
[White "Christensen, Thomas2"]
[Black "Lund, Gunnar"]
[Result "0-1"]
[WhiteElo "2229"]
[BlackElo "2051"]
[WhiteFideId "1407635"]
[BlackFideId "1520814"]
[EventDate "2017.07.22"]

1. e4 e5 2. Nf3 Nc6 3. Bb5 a6 4. Bxc6 dxc6 5. O-O Bg4 6. h3 h5 7. d3 Qf6 8. Be3
Bxf3 9. Qxf3 Qxf3 10. gxf3 Bd6 11. Nc3 Ne7 12. Kh1 f6 13. h4 Ng6 14. Rg1 Kf7 15.
Ne2 Nxh4 16. f4 exf4 17. Bxf4 g5 18. Bxd6 cxd6 19. f4 Nf3 20. Rgf1 g4 21. Ng1
Nxg1 22. Kxg1 f5 23. Kg2 Rae8 24. Rae1 Kg6 25. Rh1 h4 26. Rxh4 Rxh4 27. exf5+ 0-1

[Event "Xtracon Chess Open 2017"]
[Site "Helsingor DEN"]
[Date "2017.07.27"]
[Round "7.52"]
[White "Merkesvik, Sondre"]
[Black "Carnstam, Tomas"]
[Result "1-0"]
[WhiteTitle "FM"]
[WhiteElo "2211"]
[BlackElo "1977"]
[WhiteFideId "1514350"]
[BlackFideId "1707221"]
[EventDate "2017.07.22"]

1. Nf3 d5 2. g3 Nf6 3. Bg2 c6 4. O-O Bf5 5. b3 Nbd7 6. Bb2 Qc7 7. d4 e6 8. c4
dxc4 9. bxc4 Be7 10. Nc3 Ne4 11. Nd2 Nxd2 12. Qxd2 Rd8 13. e4 Bg6 14. Qe2 O-O
15. Rfd1 Rfe8 16. h3 e5 17. d5 a6 18. Na4 b5 19. dxc6 Qxc6 20. cxb5 axb5 21.
Rac1 Qb7 22. Nc3 Bg5 23. Rb1 Nc5 24. h4 Rxd1+ 25. Rxd1 b4 26. Nd5 f6 27. hxg5
fxg5 28. Qc4 Na4 29. Nf6+ Kh8 30. Nxe8 Nxb2 31. Rd8 Qe7 32. Qc8 1-0

[Event "Xtracon Chess Open 2017"]
[Site "Helsingor DEN"]
[Date "2017.07.27"]
[Round "7.53"]
[White "Vesterli, Michael E."]
[Black "Schmidt, Kristen"]
[Result "1/2-1/2"]
[WhiteElo "2073"]
[BlackElo "2201"]
[WhiteFideId "1417339"]
[BlackFideId "1400436"]
[EventDate "2017.07.22"]

1. d4 g6 2. e4 Bg7 3. c4 d6 4. Nc3 Nd7 5. Be3 e5 6. d5 Ne7 7. g4 O-O 8. Nf3 Nf6
9. h3 c6 10. Bd3 cxd5 11. cxd5 Bd7 12. a4 a6 13. Qb3 b5 14. axb5 axb5 15. Ke2
Rb8 16. Ra7 Nc8 17. Ra6 Ne8 18. Rg1 Nc7 19. Raa1 Nb6 20. Qb4 Re8 21. Ra7 Nc8 22.
Ra5 Qe7 23. Rc1 Kh8 24. Na2 Nxd5 25. exd5 e4 26. Bxe4 Qxe4 27. Qxe4 Rxe4 28. Rc7
Be8 29. Nc3 Rb4 30. Ra2 h6 31. Kd3 Kg8 32. Nd4 Nb6 33. Nc6 Bxc6 34. dxc6 Nc4 35.
Rb7 Ne5+ 36. Kc2 Rc8 37. c7 Rc4 38. Bb6 Nd7 39. Ba5 d5 40. Kb1 Bxc3 41. bxc3 Kg7
42. Rxb5 Nf6 43. Rb8 R8xc7 44. Bxc7 Rxc7 45. Rc2 Ne4 46. Kb2 Nc5 47. Ka3 Ne4 48.
Kb4 Rc4+ 49. Kb3 Nc5+ 50. Kb2 Na4+ 51. Kb3 Nc5+ 52. Kb2 Na4+ 1/2-1/2

[Event "Xtracon Chess Open 2017"]
[Site "Helsingor DEN"]
[Date "2017.07.27"]
[Round "7.54"]
[White "Jensen, Thore Nyboe"]
[Black "Miskulin, Dennis"]
[Result "0-1"]
[WhiteElo "2016"]
[BlackElo "2198"]
[WhiteFideId "1405349"]
[BlackFideId "1705520"]
[EventDate "2017.07.22"]

1. e4 c5 2. Nf3 e6 3. g3 Nc6 4. Bg2 Nf6 5. Nc3 Be7 6. O-O d6 7. Re1 O-O 8. b3
Nd4 9. Bb2 e5 10. Nb1 Bg4 11. c3 Nxf3+ 12. Bxf3 Bxf3 13. Qxf3 Qa5 14. Na3 b5 15.
Nc2 Rac8 16. Re2 g6 17. d4 c4 18. dxe5 dxe5 19. Rd2 Rfd8 20. Rxd8+ Rxd8 21. Qe2
Rd3 22. Ne1 Rd8 23. bxc4 bxc4 24. Nc2 Qb5 25. Na3 Bxa3 26. Bxa3 Rd3 27. Rd1 Qa4
28. Rxd3 cxd3 29. Qb2 d2 30. Qxd2 Qxa3 31. f3 Qc5+ 32. Kg2 Kg7 0-1

[Event "Xtracon Chess Open 2017"]
[Site "Helsingor DEN"]
[Date "2017.07.27"]
[Round "7.55"]
[White "Hoti, Nimon"]
[Black "Matthiesen, Martin"]
[Result "1-0"]
[BlackTitle "FM"]
[WhiteElo "1953"]
[BlackElo "2349"]
[WhiteFideId "1510746"]
[BlackFideId "1404067"]
[EventDate "2017.07.22"]

1. e4 c6 2. d4 d5 3. Nc3 dxe4 4. f3 exf3 5. Nxf3 Bg4 6. Bc4 e6 7. Be3 Nf6 8. h3
Bxf3 9. Qxf3 Bb4 10. O-O O-O 11. a3 Be7 12. Rad1 Nbd7 13. Ne2 Qc7 14. c3 c5 15.
Ba2 Rad8 16. Kh1 a6 17. Bg5 cxd4 18. cxd4 Qb6 19. b4 a5 20. bxa5 Qxa5 21. Bc1
Ra8 22. Rd3 b5 23. Bb1 b4 24. axb4 Qxb4 25. Rb3 Qd6 26. Bf4 Qa6 27. Ng3 Nd5 28.
Bd3 Qa7 29. Bc1 Qxd4 30. Bb2 Qa7 31. Qh5 f5 32. Nxf5 exf5 33. Bxf5 N7f6 34.
Bxh7+ Kh8 35. Bxf6 Nxf6 36. Rxf6 Qa1+ 37. Bb1+ 1-0

[Event "Xtracon Chess Open 2017"]
[Site "Helsingor DEN"]
[Date "2017.07.27"]
[Round "7.56"]
[White "Pallesen, Jacob"]
[Black "Rostgaard, Tobias Valentin"]
[Result "0-1"]
[BlackTitle "FM"]
[WhiteElo "2054"]
[BlackElo "2327"]
[WhiteFideId "1404881"]
[BlackFideId "1408801"]
[EventDate "2017.07.22"]

1. d4 Nf6 2. Nf3 d5 3. e3 c5 4. c4 e6 5. Nc3 Nc6 6. Be2 dxc4 7. Bxc4 a6 8. O-O
b5 9. Be2 Bb7 10. b3 cxd4 11. exd4 Rc8 12. Bb2 Bd6 13. Rc1 Bf4 14. Rb1 Nb4 15.
g3 Bb8 16. Ne5 Nbd5 17. Rc1 O-O 18. Nxd5 Nxd5 19. Nd3 Rxc1 20. Qxc1 Ne7 21. Nc5
Ba8 22. Bd3 a5 23. Qg5 h6 24. Qh5 Bc6 25. Re1 Nd5 26. Bb1 Nf6 27. Qh4 Qd5 28.
Ne4 Nh7 29. Bc1 f5 30. Bxh6 gxh6 31. Qxh6 Kh8 32. f3 Qxd4+ 0-1

[Event "Xtracon Chess Open 2017"]
[Site "Helsingor DEN"]
[Date "2017.07.27"]
[Round "7.57"]
[White "Jepsen, Thomas Tange"]
[Black "Malmstig, Erik"]
[Result "1/2-1/2"]
[BlackTitle "FM"]
[WhiteElo "2052"]
[BlackElo "2266"]
[WhiteFideId "1405357"]
[BlackFideId "1702866"]
[EventDate "2017.07.22"]

1. d4 Nf6 2. c4 c5 3. d5 b5 4. Nf3 g6 5. Qc2 d6 6. e4 b4 7. h3 Nbd7 8. Bf4 Bg7
9. Nbd2 O-O 10. Bd3 a5 11. O-O a4 12. Rae1 Nh5 13. Bh2 Ne5 14. Nxe5 dxe5 15. Nf3
f6 16. Qd2 Bh8 17. Qh6 Qc7 18. Qe3 Ra6 19. Nh4 Rd8 20. Be2 Nf4 21. Bg4 Bg7 22.
Bxc8 Qxc8 23. Bxf4 exf4 24. Qe2 e5 25. Qg4 Qc7 26. Nf3 Kf7 27. h4 h5 28. Qh3
Rad6 29. Rd1 Ke7 30. Ne1 Qc8 31. Qxc8 Rxc8 32. Nd3 Rb6 33. g3 fxg3 34. fxg3 Kd6
35. Rf3 Rf8 36. Rdf1 Rb7 37. Kg2 Ra7 38. Kh3 a3 39. b3 Raf7 40. Nf2 Bh6 41. g4
hxg4+ 42. Kxg4 f5+ 43. exf5 gxf5+ 44. Rxf5 Bf4 45. Rxf7 Rxf7 46. Ne4+ Ke7 47.
Ng5 Rf6 48. Rd1 Be3 49. Ne6 Kd6 50. Re1 Bd2 51. Re2 Bc3 52. h5 Rf1 53. Ng5 Ke7
54. Ne4 Bd4 55. Rh2 Rf4+ 56. Kg5 Rxe4 57. h6 Be3+ 58. Kf5 Rf4+ 59. Kxe5 Rf8 60.
Ke4 Bd4 61. h7 Bh8 62. Rg2 Rf1 63. Rh2 Kf7 64. Ke3 Kg6 65. Rg2+ Kxh7 66. Rh2+
Kg8 67. d6 Rd1 68. Rd2 Rxd2 69. Kxd2 Kf7 70. Kc2 Ke6 71. Kd3 Kxd6 72. Ke4 Ke6
73. Kf4 Be5+ 74. Ke4 Bd6 75. Kd3 Kf5 76. Ke3 Kg4 77. Ke4 Kg3 78. Ke3 Kg2 79. Ke2
Bf4 80. Kd3 Kf1 81. Kc2 Ke2 82. Kb1 Kd2 83. Ka1 Kd3 84. Kb1 Be5 85. Kc1 Kc3 86.
Kb1 Bd4 87. Kc1 Kd3 88. Kb1 Be3 89. Ka1 Ke2 90. Kb1 1/2-1/2

[Event "Xtracon Chess Open 2017"]
[Site "Helsingor DEN"]
[Date "2017.07.27"]
[Round "7.58"]
[White "Saren, Bjorn"]
[Black "Roe, Simon J"]
[Result "0-1"]
[WhiteElo "2051"]
[BlackElo "2253"]
[WhiteFideId "1712071"]
[BlackFideId "401471"]
[EventDate "2017.07.22"]

1. e4 c5 2. Nf3 e6 3. d4 cxd4 4. Nxd4 a6 5. Bd3 Bc5 6. Nb3 Be7 7. O-O d6 8. Be3
Nf6 9. Qe2 Nbd7 10. c3 b6 11. N1d2 Bb7 12. f4 Qc7 13. h3 e5 14. f5 d5 15. Bf2
O-O 16. Bg3 Rfe8 17. Kh2 Bd6 18. Rae1 a5 19. a4 Rac8 20. Kh1 Bc6 21. Bb5 h6 22.
exd5 Bxd5 23. Ba6 Rcd8 24. Bc4 Bb7 25. Bb5 Bd5 26. Bc4 Qc6 27. Bxd5 Qxd5 28. Qc4
Qb7 29. Qb5 Nc5 30. Nxc5 Bxc5 31. Nc4 Rd5 32. Nxa5 Qa8 33. Nc4 Nh5 34. Bh2 Bf2
35. Nxb6 Rxb5 36. Nxa8 Rxb2 37. Rxf2 Rxf2 38. Nc7 Rd8 39. Bxe5 Rdd2 40. g4 Nf4
41. Bxf4 Rxf4 42. a5 Ra2 43. Nd5 Rc4 44. Rc1 Rxa5 45. Nb6 Rc6 46. Nd7 Rd5 47.
Nb8 Rb6 48. c4 Rd2 0-1

[Event "Xtracon Chess Open 2017"]
[Site "Helsingor DEN"]
[Date "2017.07.27"]
[Round "7.59"]
[White "Kolvig, Bent"]
[Black "Schack, Asbjorn Hovgaard"]
[Result "0-1"]
[WhiteElo "2230"]
[BlackElo "2053"]
[WhiteFideId "1400746"]
[BlackFideId "1449575"]
[EventDate "2017.07.22"]

1. c4 Nf6 2. Nc3 g6 3. g3 Bg7 4. Bg2 O-O 5. Nf3 d6 6. O-O Nc6 7. d4 a6 8. Qc2
Rb8 9. h3 Na5 10. Nd2 b5 11. cxb5 axb5 12. b4 Nc4 13. Nb3 d5 14. Rd1 Bf5 15. e4
Nxe4 16. Nxe4 dxe4 17. g4 Be6 18. Nc5 Bd5 19. Nxe4 e6 20. Bg5 Bxe4 0-1

[Event "Xtracon Chess Open 2017"]
[Site "Helsingor DEN"]
[Date "2017.07.27"]
[Round "7.60"]
[White "Jaksland, Tim"]
[Black "Crevatin, Leo"]
[Result "1-0"]
[WhiteTitle "FM"]
[WhiteElo "2227"]
[BlackElo "2044"]
[WhiteFideId "1401084"]
[BlackFideId "1726307"]
[EventDate "2017.07.22"]

1. c4 Nf6 2. Nc3 c6 3. Nf3 d5 4. e3 e6 5. Qc2 Nbd7 6. b3 Bd6 7. Bb2 Qe7 8. Be2
O-O 9. O-O b6 10. d4 Bb7 11. Rad1 Rfe8 12. Rfe1 Rad8 13. Bf1 e5 14. dxe5 Nxe5
15. Nxe5 Bxe5 16. f4 Bd6 17. cxd5 cxd5 18. Nb5 Bb4 19. Bc3 Rc8 20. Bxb4 Qxb4 21.
Qd2 Qe7 22. Nxa7 Ne4 23. Qd4 Rc2 24. Re2 Rxe2 25. Bxe2 Qh4 26. Rf1 Re6 27. Bd3
Rh6 28. h3 Nc5 29. Be2 Qe7 30. b4 Ne4 31. Bd3 Re6 32. Nb5 Nd6 33. Nxd6 Qxd6 34.
Rc1 g6 35. a4 Qe7 36. Re1 Qh4 37. Re2 Qg3 38. b5 f5 39. Bc2 Qh4 40. Bb3 Qd8 41.
Rd2 Rd6 42. Qe5 Rd7 43. g4 fxg4 44. hxg4 Kf7 45. g5 h5 46. gxh6 Qh4 47. Qg7+ Ke8
48. Qxg6+ Kf8 49. Rd1 Qh3 50. Kf2 Qh2+ 51. Qg2 Qxh6 52. Bxd5 Qh4+ 53. Kf1 Rg7
54. Bxb7 Rxg2 55. Bxg2 Qg3 56. Rd3 Ke7 57. Bc6 Qh3+ 58. Kf2 Qh4+ 59. Ke2 Qh2+
60. Kd1 Qa2 61. Rd4 Qf2 62. Bd5 Kd6 63. Bb3+ Kc5 64. Rc4+ Kd6 65. Rc3 Qf1+ 66.
Kd2 Qf2+ 67. Kd1 Qf1+ 68. Kc2 Qe2+ 69. Kc1 Qe1+ 70. Kb2 Qe2+ 71. Bc2 Kd5 72. Kb3
Qe1 73. Rd3+ Kc5 74. Rc3+ Kd5 75. Kb2 Qe2 76. f5 Qf2 77. Kb3 Qf1 78. e4+ Ke5 79.
Rd3 Qf2 80. Rd5+ Kf4 81. f6 Qe3+ 82. Kb2 Qe1 83. f7 Qb4+ 84. Bb3 Qf8 85. e5 Ke4
86. e6 Qg7+ 87. Ka2 Qg1 1-0

[Event "Xtracon Chess Open 2017"]
[Site "Helsingor DEN"]
[Date "2017.07.27"]
[Round "7.62"]
[White "Laustsen, Lars"]
[Black "Brondum, Eric"]
[Result "1-0"]
[BlackTitle "FM"]
[WhiteElo "2204"]
[BlackElo "2040"]
[WhiteFideId "1407554"]
[BlackFideId "1400894"]
[EventDate "2017.07.22"]

1. d4 Nf6 2. c4 e5 3. dxe5 Ng4 4. Nf3 Bc5 5. e3 Nc6 6. Be2 O-O 7. O-O Re8 8. Nc3
Ngxe5 9. Nxe5 Nxe5 10. b3 a5 11. Na4 Bf8 12. f4 Ng6 13. Qd3 d6 14. Nc3 Bd7 15.
Bf3 Rb8 16. Bb2 Ne7 17. Rad1 Nf5 18. Be4 g6 19. g4 Nh4 20. Nd5 Bg7 21. Bxg7 Kxg7
22. g5 Re6 23. Qc3+ f6 24. Nxf6 1-0

[Event "Xtracon Chess Open 2017"]
[Site "Helsingor DEN"]
[Date "2017.07.27"]
[Round "7.63"]
[White "Bach, Matthias"]
[Black "Karlsson, Ulf"]
[Result "1-0"]
[WhiteTitle "FM"]
[WhiteElo "2200"]
[BlackElo "2036"]
[WhiteFideId "4603168"]
[BlackFideId "1721674"]
[EventDate "2017.07.22"]

1. e4 c5 2. b4 b6 3. bxc5 bxc5 4. Nc3 g6 5. Bc4 Nc6 6. Nf3 Bg7 7. Bb2 e6 8. Rb1
d6 9. O-O Nge7 10. Ne2 e5 11. Ng5 O-O 12. f4 d5 13. exd5 Na5 14. d3 Nxd5 15.
Bxd5 Qxd5 16. Nc3 Qc6 17. fxe5 Bxe5 18. Nf3 Bb7 19. Qd2 Bg7 20. Ne4 Bxb2 21.
Rxb2 f5 22. Ng3 Qc7 23. Rb5 Bxf3 24. Rxf3 Nb7 25. Qc3 Rf7 26. Nh5 a6 27. Rb1
Raf8 28. Nf4 Qc6 29. Re3 Nd6 30. Rbe1 Nb5 31. Qc4 Nc7 32. Re5 Re8 33. Rxe8+ Nxe8
34. Qd5 Qa4 35. Qxc5 Qxf4 36. Rxe8+ Kg7 37. Qe5+ Qxe5 38. Rxe5 Rb7 39. Rc5 Rb6
40. a4 Kf6 41. Kf2 Ke6 42. Ke3 Kd6 43. Ra5 Kc6 44. g3 Kb7 45. Re5 Rf6 46. Re7+
Kb6 47. Rxh7 Ka5 48. Rb7 Kxa4 49. c4 g5 50. c5 f4+ 51. gxf4 gxf4+ 52. Kf3 Rh6
53. Kxf4 Rh4+ 54. Ke5 Rh5+ 55. Kd4 Rh4+ 56. Kd5 Rh5+ 57. Kc4 Rh4+ 58. d4 1-0

[Event "Xtracon Chess Open 2017"]
[Site "Helsingor DEN"]
[Date "2017.07.27"]
[Round "7.64"]
[White "Leutwyler, Martin"]
[Black "Grundekjon, Christian"]
[Result "1/2-1/2"]
[WhiteElo "2198"]
[BlackElo "2035"]
[WhiteFideId "1301969"]
[BlackFideId "1512625"]
[EventDate "2017.07.22"]

1. d4 e6 2. c4 b6 3. a3 Bb7 4. Nc3 f5 5. Nf3 Nf6 6. d5 Na6 7. g3 Nc5 8. Bg2 Nce4
9. Nd4 Nxc3 10. bxc3 Bc5 11. O-O Bxd4 12. cxd4 exd5 13. cxd5 Bxd5 14. Bxd5 Nxd5
15. e4 Nf6 16. e5 Nd5 17. Qf3 c6 18. Qxf5 Qe7 19. Bg5 Qe6 20. Qf3 h6 21. Bd2 Rf8
22. Qh5+ g6 23. Qe2 h5 24. h4 a5 25. a4 Kf7 26. Bh6 Rh8 27. Bg5 Kg7 28. Qd2 Kh7
29. Rab1 Rhf8 30. Bf6 Rab8 31. Bg5 Rbe8 32. Bf6 Qh3 33. Bg5 Rf5 34. Rb3 Qg4 35.
Kg2 Rf7 36. f3 Qe6 37. Rbb1 Nb4 38. Rf2 d6 39. Re1 Qd5 40. Bf4 dxe5 41. Rxe5
Rxe5 42. Bxe5 c5 43. Qe3 Nc6 44. Rd2 Rd7 45. Bf6 Rd6 46. Bg5 cxd4 47. Qe8 Qe6
48. Qxe6 Rxe6 49. Kf2 Kg7 50. g4 Kf7 51. gxh5 gxh5 52. Rb2 Ne5 53. Rb5 Nd3+ 54.
Kg3 Rd6 55. Bd2 Nc5 56. Bxa5 Nxa4 57. Bb4 Rf6 58. Kf2 Nc3 59. Rxh5 Re6 60. Bxc3
dxc3 61. Rh7+ Kg6 62. Rc7 Kh5 63. Rxc3 1/2-1/2

[Event "Xtracon Chess Open 2017"]
[Site "Helsingor DEN"]
[Date "2017.07.27"]
[Round "7.65"]
[White "Palozza, Christian"]
[Black "Moestrup, Jorn"]
[Result "1/2-1/2"]
[WhiteElo "2178"]
[BlackElo "2034"]
[WhiteFideId "895580"]
[BlackFideId "1403680"]
[EventDate "2017.07.22"]

1. d4 d5 2. c4 c6 3. cxd5 cxd5 4. Nc3 Nf6 5. Bf4 e6 6. e3 Be7 7. Bd3 O-O 8. Nf3
Nc6 9. h3 b6 10. O-O Bb7 11. Rc1 Rc8 12. a3 Na5 13. Ne5 Ne4 14. Nxe4 dxe4 15.
Be2 Bd6 16. Bh2 Qe7 17. Qa4 f6 18. Nc4 Bxh2+ 19. Kxh2 Bc6 20. Qd1 Nb7 21. b4 b5
22. Nb2 a5 23. Qd2 axb4 24. Qxb4 Qxb4 25. axb4 Bd7 26. Rfd1 Kf7 27. Kg1 Ke7 28.
Kf1 Rxc1 29. Rxc1 Ra8 30. Ke1 Ra3 31. Kd2 Rb3 32. Kc2 Ra3 33. Rb1 Nd6 34. Nd1
Ra2+ 35. Rb2 Rxb2+ 36. Kxb2 Bc6 37. Nc3 Kd7 38. Nb1 Bd5 39. Nd2 Kc6 40. Kc3 g6
41. f3 f5 42. Bf1 1/2-1/2